| 000 | 00543nam a2200181 a 4500 | ||
|---|---|---|---|
| 005 | 20210223120755.0 | ||
| 008 | 991125 1994 mx 000 0 spa u | ||
| 035 | _aUPN01000006807 | ||
| 049 | _aCG | ||
| 050 | 4 |
_aF1234 _bO8.2 |
|
| 100 | 1 | _aOsorio Marbán, Miguel | |
| 245 | 1 | 0 |
_aCarranza, soberanía y petróleo / _cMiguel Osorio Marbán. |
| 260 |
_aMéxico : _bPRI : _bCNEHPS, _c1994. |
||
| 300 |
_a119 p. : _bil. |
||
| 440 | 0 | _aSemblanzas históricas | |
| 651 | 4 |
_aMEXICO - _xHISTORIA - _yREGIMEN CARRANCISTA, 1917-1920 _924973 |
|
| 905 | _aLibro | ||
| 999 |
_c6807 _d6807 |
||